000
00252nam a2200097Ia 4500
001
997974
005
20250826221534.0
008
250824s9999 xx 000 0 und d
245
0
_a
KRAL KAYBEDERSE
_c
GÜLSEREN BUDAYICIOĞLU
260
_b
REMZİ KİTABEVİ
999
_c
997974
_d
997974